| 000 | 00488nam a2200169Ia 4500 | ||
|---|---|---|---|
| 999 |
_c36790 _d36790 |
||
| 003 | OSt | ||
| 005 | 20201215130532.0 | ||
| 008 | 190216s9999||||xx |||||||||||||| ||und|| | ||
| 040 | _coclc | ||
| 082 |
_a610 _bRAM/N |
||
| 100 |
_aRamachandran, C K _97526 |
||
| 245 | 0 |
_aNenchuvedanayum Chikilsakramavum / _cC K Ramachandran |
|
| 260 |
_bPoorna Publications, _aKozhikode: _c2005. |
||
| 300 | _a96p | ||
| 650 | _aMalayalam | ||
| 942 |
_cREF _2ddc _h610 _iRAM/N _k610 _mRAM/N |
||